Cities with a French Consulate (with map) - Statistics

General Stats
  • This quiz has been taken 98 times
  • The average score is 47 of 70
Answers on the Map
Answers color-coded by a green-red scale on the quiz's map according to % correct below.
 
Answer Stats
Country Consulate % Correct
United States New York
94%
Turkey Istanbul
93%
Brazil Rio de Janeiro
93%
Canada Montreal
91%
China Shanghai
91%
India Mumbai
90%
Germany Munich
90%
Egypt Alexandria
89%
United Arab Emirates Dubai
89%
Australia Sydney
89%
Canada Toronto
89%
United States Los Angeles
87%
Spain Barcelona
86%
Canada Vancouver
86%
South Africa Johannesburg
84%
Italy Milan
84%
Russia Saint Petersburg
84%
Brazil São Paulo
84%
South Africa Cape Town
83%
United States Chicago
83%
Vietnam Ho Chi Minh City
83%
Nigeria Lagos
83%
Italy Naples
83%
Germany Hamburg
81%
United States San Francisco
81%
Switzerland Zürich
81%
Morocco Casablanca
80%
Germany Frankfurt
80%
Pakistan Karachi
80%
Switzerland Geneva
79%
India Kolkata
79%
United States Miami
79%
China Hong Kong
77%
Poland Kraków
77%
United States Houston
76%
Saudi Arabia Jeddah
76%
Canada Quebec City
76%
United States Boston
74%
Greece Thessaloniki
71%
China Guangzhou
70%
Japan Kyoto
69%
Algeria Oran
69%
Spain Seville
69%
Netherlands Amsterdam
67%
United States Atlanta
67%
India Bangalore
67%
United Kingdom Edinburgh
67%
Morocco Marrakesh
67%
Israel Haifa
64%
Germany Düsseldorf
60%
Morocco Fez
60%
Germany Stuttgart
60%
Spain Bilbao
59%
Morocco Tangier
56%
Cameroon Douala
53%
United States New Orleans
53%
Brazil Recife
53%
China Wuhan
51%
China Chengdu
47%
Russia Yekaterinburg
37%
Morocco Agadir
36%
China Shenyang
33%
Congo Pointe Noire
29%
India Pondicherry
23%
Germany Saarbrücken
23%
Algeria Annaba
13%
Canada Moncton
13%
Madagascar Antsiranana
10%
Madagascar Mahajanga
9%
Madagascar Toamasina
9%
No matching quizzes found
Score Distribution
Percent of People with Each Score
Percentile by Number Answered
Your Score History
You have not taken this quiz